Gminy województwa podlaskiego na mapie - Statystyki

Ogólne statystyki
  • Ten quiz został rozwiązany 1 849 razy
    1 124 od ostatniego zresetowania
  • Średni wynik to 56 z 119
Odpowiedzi na mapie
Odpowiedzi zakodowano w zielono-czerwonej skali na mapie do tego quizu, zgodnie z poniższymi procentami.
 
Statystyki odpowiedzi
Powiat Typ gminy Gmina % Poprawnych
miasta na prawach powiatu miejska m. Białystok
92%
miasta na prawach powiatu miejska m. Suwałki
88%
suwalski wiejska Suwałki
88%
łomżyński wiejska Łomża
87%
miasta na prawach powiatu miejska m. Łomża
87%
augustowski miejska | wiejska Augustów
84%
hajnowski miejska | wiejska Hajnówka
84%
zambrowski miejska | wiejska Zambrów
82%
siemiatycki miejska | wiejska Siemiatycze
81%
bielski miejska | wiejska Bielsk Podlaski
80%
sejneński miejska | wiejska Sejny
80%
wysokomazowiecki miejska | wiejska Wysokie Mazowieckie
79%
grajewski miejska | wiejska Grajewo
78%
moniecki miejsko-wiejska Mońki
78%
sokólski miejsko-wiejska Sokółka
76%
kolneński miejska | wiejska Kolno
75%
białostocki miejsko-wiejska Łapy
72%
białostocki miejsko-wiejska Choroszcz
71%
białostocki miejsko-wiejska Czarna Białostocka
69%
białostocki miejsko-wiejska Supraśl
69%
białostocki miejsko-wiejska Wasilków
68%
hajnowski wiejska Białowieża
67%
białostocki miejsko-wiejska Tykocin
65%
sokólski miejsko-wiejska Dąbrowa Białostocka
63%
siemiatycki miejsko-wiejska Drohiczyn
63%
hajnowski wiejska Czyże
60%
moniecki miejsko-wiejska Knyszyn
59%
białostocki miejsko-wiejska Michałowo
59%
bielski miejska | wiejska Brańsk
58%
białostocki miejsko-wiejska Zabłudów
57%
sokólski miejsko-wiejska Krynki
56%
wysokomazowiecki miejsko-wiejska Szepietowo
56%
hajnowski wiejska Narew
54%
białostocki miejsko-wiejska Suraż
54%
wysokomazowiecki miejsko-wiejska Ciechanowiec
53%
wysokomazowiecki miejsko-wiejska Czyżew
52%
sokólski miejsko-wiejska Suchowola
51%
moniecki miejsko-wiejska Goniądz
50%
hajnowski miejsko-wiejska Kleszczele
50%
grajewski miejsko-wiejska Rajgród
50%
hajnowski wiejska Narewka
49%
grajewski miejsko-wiejska Szczuczyn
49%
białostocki wiejska Gródek
48%
łomżyński miejsko-wiejska Jedwabne
48%
augustowski miejsko-wiejska Lipsk
47%
hajnowski wiejska Czeremcha
46%
łomżyński wiejska Piątnica
44%
bielski wiejska Boćki
43%
sokólski wiejska Korycin
42%
sokólski wiejska Kuźnica
42%
łomżyński miejsko-wiejska Nowogród
42%
białostocki wiejska Grabówka
41%
kolneński miejsko-wiejska Stawiski
40%
białostocki wiejska Juchnowiec Kościelny
38%
siemiatycki wiejska Mielnik
38%
białostocki wiejska Turośń Kościelna
38%
łomżyński wiejska Wizna
38%
bielski wiejska Orla
37%
hajnowski wiejska Dubicze Cerkiewne
36%
sejneński wiejska Puńsk
36%
siemiatycki wiejska Nurzec-Stacja
35%
suwalski wiejska Wiżajny
35%
białostocki wiejska Dobrzyniewo Duże
33%
zambrowski wiejska Rutki
33%
augustowski wiejska Sztabin
33%
sokólski wiejska Janów
32%
suwalski wiejska Raczki
32%
wysokomazowiecki wiejska Sokoły
32%
zambrowski wiejska Szumowo
31%
suwalski wiejska Filipów
30%
sejneński wiejska Giby
30%
białostocki wiejska Zawady
30%
wysokomazowiecki wiejska Kulesze Kościelne
29%
siemiatycki wiejska Dziadkowice
28%
siemiatycki wiejska Grodzisk
28%
zambrowski wiejska Kołaki Kościelne
28%
suwalski wiejska Rutka-Tartak
28%
suwalski wiejska Szypliszki
28%
kolneński wiejska Turośl
28%
suwalski wiejska Bakałarzewo
27%
białostocki wiejska Poświętne
27%
bielski wiejska Rudka
27%
łomżyński wiejska Śniadowo
27%
bielski wiejska Wyszki
27%
siemiatycki wiejska Perlejewo
26%
suwalski wiejska Jeleniewo
25%
kolneński wiejska Mały Płock
25%
siemiatycki wiejska Milejczyce
25%
sejneński wiejska Krasnopol
23%
augustowski wiejska Płaska
23%
moniecki wiejska Trzcianne
23%
augustowski wiejska Bargłów Kościelny
22%
moniecki wiejska Krypno
22%
łomżyński wiejska Miastkowo
22%
augustowski wiejska Nowinka
22%
sokólski wiejska Nowy Dwór
22%
sokólski wiejska Sidra
22%
sokólski wiejska Szudziałowo
22%
kolneński wiejska Grabowo
21%
moniecki wiejska Jasionówka
21%
moniecki wiejska Jaświły
20%
wysokomazowiecki wiejska Klukowo
20%
wysokomazowiecki wiejska Kobylin-Borzymy
20%
wysokomazowiecki wiejska Nowe Piekuty
20%
grajewski wiejska Radziłów
20%
suwalski wiejska Przerośl
19%
łomżyński wiejska Przytuły
19%
grajewski wiejska Wąsosz
19%
łomżyński wiejska Zbójna
19%
Nie znaleziono quizów pasujących do podanych kryteriów
Rozkład punktacji
Procent ludzi z każdym wynikiem
Percentyl według liczby udzielonych odpowiedzi
Twoja historia wyników
Nie rozwiązałeś tego quizu od ostatniego zresetowania